All time top goal-scorers for each country - Statistics

General Stats
  • This quiz has been taken 198 times
  • The average score is 12 of 30
Answer Stats
Footbal Federation Country Player Goals % Correct
CONMEBOL / South America Argentina Lionel Messi 106
99%
UEFA / Europe Portugal Cristiano Ronaldo 128
95%
CONMEBOL / South America Brazil Neymar 79
94%
CONMEBOL / South America Uruguay Luis Suárez 68
92%
UEFA / Europe England Harry Kane 62
88%
UEFA / Europe Belgium Romelu Lukaku 83
88%
UEFA / Europe France Olivier Giroud 57
84%
UEFA / Europe Netherlands Robin van Persie 50
68%
CAF / Africa Côte d'Ivoire Didier Drogba 65
65%
CAF / Africa Senegal Sadio Mané 43
65%
CONCACAF / North America USA Clint Dempsey / Landon Donovan 57
62%
CONMEBOL / South America Colombia Radamel Falcao 36
55%
CONMEBOL / South America Ecuador Enner Valencia 40
51%
CONCACAF / North America Mexico Javier Hernández 52
45%
AFC / Asia Australia Tim Cahill 50
44%
OFC / Oceania New Zealand Chris Wood 34
39%
AFC / Asia Iran Ali Daei 108
17%
AFC / Asia Qatar Almoez Ali 54
12%
CONCACAF / North America Canada Cyle Larin 29
8%
CAF / Africa Egypt Hossam Hassan 68
8%
OFC / Oceania New Caledonia Bertrand Kaï 23
5%
CAF / Africa Nigeria Rashidi Yekini 37
4%
AFC / Asia Japan Kunishige Kamamoto 75
3%
CAF / Africa Morocco Ahmed Faras 36
2%
AFC / Asia Korea Republic / South Korea Cha Bum-kun 58
2%
CONCACAF / North America Panama Luis Tejada 43
2%
CONCACAF / North America Costa Rica Rolando Fonseca 47
2%
OFC / Oceania Tahiti Teaonui Tehau 27
2%
OFC / Oceania Solomon Islands Commins Menapi 34
1%
OFC / Oceania Papua New Guinea Reggie Davani / Raymond Gunemba 13
1%
No matching quizzes found
Score Distribution
Percent of People with Each Score
Percentile by Number Answered
Your Score History
You have not taken this quiz